| 000 | 00538nam a22001577a 4500 | ||
|---|---|---|---|
| 003 | NUST | ||
| 082 | _a621 | ||
| 100 |
_aJaffar ,Farwa _9122380 |
||
| 245 |
_aEstimation of Drag Coefficients of Vehicle Platoons using Machine Learning / _cFarwa Jaffar |
||
| 264 |
_aIslamabad: _bSMME- NUST. _c2020. |
||
| 300 |
_a50p. ; _bSoft Copy, _c30cm. |
||
| 650 |
_aMS Mechanical Engineering _9119495 |
||
| 700 |
_aSupervisor : Dr. Muhammad Sajid _9119652 |
||
| 856 | _uhttp://10.250.8.41:8080/xmlui/handle/123456789/25860 | ||
| 942 |
_2ddc _cTHE |
||
| 999 |
_c608874 _d608874 |
||